Η ελληνορωμαϊκή αυτοκρατορία
Αποθηκεύτηκε σε:
| Κύριος συγγραφέας: | |
|---|---|
| Άλλοι συγγραφείς: | |
| Μορφή: | Βιβλίο |
| Γλώσσα: | Greek French |
| Δημοσίευση: |
Αθήνα :
Βιβλιοπωλείον της Εστίας,
2013.
|
| Σειρά: | Ιστορία και πολιτική (Εστία)
|
| Θέματα: | |
| Ετικέτες: |
Προσθήκη ετικέτας
Δεν υπάρχουν, Καταχωρήστε ετικέτα πρώτοι!
|
MARC
| LEADER | 00000cam a2200000 i 4500 | ||
|---|---|---|---|
| 001 | 1/45388 | ||
| 008 | 140403s2013 gr | ||| |||| ||gre|| | ||
| 020 | |a 9789600515756 | ||
| 035 | |l 10117294 | ||
| 040 | |a GR-MyUA |b gre |e AACR2 | ||
| 041 | 1 | |a gre |h fre | |
| 082 | 7 | |a 937 |2 (23) | |
| 100 | 1 | |a Veyne, Paul, |d 1930- | |
| 245 | 1 | 2 | |a Η ελληνορωμαϊκή αυτοκρατορία / |c Πωλ Βεν ; μετάφραση: Ειρήνη Μητούση. |
| 260 | |a Αθήνα : |b Βιβλιοπωλείον της Εστίας, |c 2013. | ||
| 300 | |a 1028 σ. : |b φωτ. ; |c 23 εκ. | ||
| 490 | 1 | |a (Ιστορία και πολιτική / Εστία) | |
| 500 | |a Τίτλος πρωτοτύπου: Empire greco-romain. | ||
| 504 | |a Περιέχει βιβλιογραφικές παραπομπές και ευρετήριο. | ||
| 651 | 0 | |a Rome |x Civilization |x Greek influences. | |
| 651 | 0 | |a Mediterranean Region |x History |y To 476. | |
| 700 | 1 | |a Μητούση, Ειρήνη, |e trlf | |
| 830 | 0 | |a Ιστορία και πολιτική (Εστία) | |
| 852 | |a INST |b LESVOS |e 20140403 |h 937 VEY |p 005100053943 |q 005100053943 |t BK |y 0 | ||
| 852 | |a INST |b RHODES |c EUDOXUS |e 20190509 |h 937 VEY |p 005400040693 |q 005400040693 |t EDX |y 0 | ||
| 852 | |a INST |b RHODES |c EUDOXUS |e 20190509 |h 937 VEY |p 005400040694 |q 005400040694 |t EDX |y 0 | ||
| 901 | |a BIBL1-2014-1 | ||
| 909 | |a Λ |b 186778 | ||
| 920 | |a Εύδοξος |b Παραγγελία |y Ρόδος-ΤΜΣ |z 2019-05 | ||
| 970 | |a ΤΖΑΦΕΡΗ |b ΕΥΑΓΓΕΛΙΑ |z 2014/04/03 | ||